Leasing.

Český leasing v r. 1993. Leasingové služby spoločnosti Omnipol. Spôsob spevnenia krehkého vzťahu partnerov v leasingovom obchode. Poznámky k obsahu leasingovej zmluvy. Asociácia leasingových spoločností.

Na minha lista:
Detalhes bibliográficos
Formato: Capítulo de Livro
Idioma:tcheco
Assuntos:
Tags: Adicionar Tag
Sem tags, seja o primeiro a adicionar uma tag!

MARC

LEADER 00000naa a2200000 4500
001 r012632
005 20220826093435.8
041 0 |a cze 
044 |a CZ 
245 1 0 |a Leasing. 
520 |a Český leasing v r. 1993. Leasingové služby spoločnosti Omnipol. Spôsob spevnenia krehkého vzťahu partnerov v leasingovom obchode. Poznámky k obsahu leasingovej zmluvy. Asociácia leasingových spoločností. 
610 2 0 |a lízing 
610 2 0 |a Čechy 
610 2 0 |a 1993 
610 2 0 |a Omnipol 
610 2 0 |a služby 
610 2 0 |a združenia